000
00298 a2200145 4500
001
176075
020
_a
040
_c
Magnum
100
_a
Grossi, Esther Pillar
240
1
0
_a
Escolas infantis
_l
por
245
1
0
_a
Escolas infantis
362
0
_a
1899
697
_a
MAGNITO: ENSINO
942
_c
BK
999
_c
176075
_d
176075